| 000 | 00657nam a22002057a 4500 | ||
|---|---|---|---|
| 999 |
_c166732 _d166732 |
||
| 005 | 20190807105946.0 | ||
| 010 | _aENG-126137 | ||
| 020 |
_c880.00 _a978-93-89137-13-2 |
||
| 035 | _aEN-109669 | ||
| 037 | _bDBAD/PUB | ||
| 082 | _a335.02 | ||
| 100 | _aChadha, Vivek | ||
| 245 |
_aKargil Past Perfect,Future Uncertain?/ _cbyVivek Chadha |
||
| 260 |
_bKW Publishers Pvt Ltd _aNew Delhi _c2019 |
||
| 270 |
_bNew Delhi _a4647/21,First Floor Ansari Road Daryaganj, _e110002 _mkw@kwpub.com _k+91123263498/43528107 |
||
| 300 |
_axi222p. _c22cm(hb) |
||
| 500 | _ait includes index | ||
| 700 | _aVivek Chadha | ||
| 942 |
_2ddc _cEN _h355.02 _mCHA |
||